000
00282nam a22001337a 4500
008
170914b xxu||||| |||| 00| 0 eng d
020
_a
9780789452047
041
_a
eng
080
_a
7
100
_a
4
101
_a
ART
245
_a
1000 MASTERPIECES
_c
WENDY, S
942
_2
udc
_c
BK
999
_c
27559
_d
27559